000 01063cam a22002175a 4500
001 L149698
008 100412s2010 xxk f 000 0 eng d
035 _a(Sirsi) u149698
041 0 _aeng
050 0 4 _a306.1 $2 18
110 2 _aUnited Kingdom
_kLaws, etc
_95044
245 0 0 _aMortgage Repossessions (Protection of Tenants etc) Act 2010
_h[electronic resource]
260 _aLondon
_bOPSI
_c2010
520 _aProtection for tenants whose landlords are facing mortgage repossessions in situations where tenancies are not binding on mortgagees. Powers of Court to postpone giving of possession. Sets out procedure for notice of execution of possession order. Comes into force on 1 October 2010.
590 _aKA NTK
650 2 4 _aMORTGAGE REPOSSESSIONS (PROTECTION OF TENANTS ETC) ACT 2010
651 4 _aENGLAND AND WALES
690 _aPROPERTY-RESIDENTIAL PROPERTY-ACQUISTION AND DISPOSAL OF RESIDENTIAL PROPERTY
856 4 8 _uhttps://www.opsi.gov.uk/acts/acts2010/ukpga_20100019_en_1
_z View this item free of charge at www.opsi.gov.uk
942 _n0
999 _c110604
_d110604